ARRUPE JESUIT UNIVERSITY

CORONAVIRUS -STOP THE SPREAD - CLEAN,DISINFECT,COVER

Rural development (Record no. 131827)

MARC details
000 -LEADER
fixed length control field 00575nam a22001937a 4500
003 - CONTROL NUMBER IDENTIFIER
control field ARRUPE
005 - DATE AND TIME OF LATEST TRANSACTION
control field 20240306113412.0
008 - FIXED-LENGTH DATA ELEMENTS--GENERAL INFORMATION
fixed length control field 240306b |||||||| |||| 00| 0 eng d
020 ## - INTERNATIONAL STANDARD BOOK NUMBER
International Standard Book Number 9780582644434
040 ## - CATALOGING SOURCE
Transcribing agency AJU
050 ## - LIBRARY OF CONGRESS CALL NUMBER
Classification number HN980.C49 1983
300 ## - PHYSICAL DESCRIPTION
Dimensions 21cm.
100 ## - MAIN ENTRY--PERSONAL NAME
Personal name Chambers, Robert
9 (RLIN) 52529
245 ## - TITLE STATEMENT
Title Rural development
Remainder of title putting the last first
Statement of responsibility, etc Robert Chambers
260 ## - PUBLICATION, DISTRIBUTION, ETC. (IMPRINT)
Place of publication, distribution, etc Essex
Name of publisher, distributor, etc Longman Scientific and Technicla
Date of publication, distribution, etc 1983
300 ## - PHYSICAL DESCRIPTION
Extent 246p. ;
650 ## - SUBJECT ADDED ENTRY--TOPICAL TERM
Topical term or geographic name as entry element Underdeveloped areas
General subdivision Rural poor
9 (RLIN) 52530
650 ## - SUBJECT ADDED ENTRY--TOPICAL TERM
Topical term or geographic name as entry element Rural development
9 (RLIN) 21327
942 ## - ADDED ENTRY ELEMENTS (KOHA)
Source of classification or shelving scheme Library of Congress Classification
Koha item type Monograph ( Printed materials)
Holdings
Withdrawn status Lost status Source of classification or shelving scheme Damaged status Not for loan Collection code Home library Current library Shelving location Date acquired Total Checkouts Full call number Barcode Date last seen Price effective from Koha item type
    Library of Congress Classification     Main Collection ARRUPE LIBRARY ARRUPE LIBRARY Main Collection 06/03/2024   HN980.C49 1983 46700000359 06/03/2024 06/03/2024 Monograph ( Printed materials)

 

Arrupe Library. PO Box MP320 Mt Pleasant, Harare, Zimbabwe
263 242 745411|librarian@aju.ac.zw